LEADER 00781nam a2200205 i 4500 001 000000227803 003 CaOOAMICUS 005 20140310000000.0 008 140310s1871 it u000 u lat u 013 $a206705 040 $aSeMil$bita 245 10$aTomus 15. 300 $a802 p. 500 $aFondo Bidoglio. 773 0 $aBonaventura : da Bagnorea $tS.R.E. Cardinalis s. Bonaventurae opera omnia Sixti 5. pontificis maximi iussu diligentissime emendata.$bEditio accurate recognita ...$dParisiis : L. Vivès, 1864-1871.$g15$w()29522 850 $aSeMil 852 $aSeMil$W1$xVenegono$y1$m2N VII 15 FA$j178149$B178149$CSeMilBibl$Z2$F188949 $8I 941 1 $a2 961 $aLascito: Bidoglio don Maurizio 996 $6245$aTomus 15$9(OLS)http://semarc/title/310302 LEADER 00994nam a2200193 i 4500 001 000000057880 003 CaOOAMICUS 005 19971023000000.0 008 971023n xx u000 u fre u 013 $a29052 040 $aSeMil$bita 100 1 $aQueré, Martino .$0(OLS)http://semarc/name/29509 245 10$aMonseigneur de Mazenod Évêque de Marseille fondateur de la Congrégation des Missionnaires Oblats de Marie Immaculée et les Missions étrangères. 650 4$aEugène : de Mazenod .$0(OLS)http://semarc/subject/2525 650 4$aOblati di Maria Immacolata.$0(OLS)http://semarc/subject/11287 650 4$aTesi di laurea.$0(OLS)http://semarc/subject/1690 850 $aSeMil 852 $aSeMil$W1$xVenegono$y1$m2I V 544$j24034$B24034$CSeMilBibl$Z2$F24036 $81 996 $6245$aMonseigneur de Mazenod Évêque de Marseille fondateur de la Congrégation des Missionnaires Oblats de Marie Immaculée et les Missions étrangères$9(OLS)http://semarc/title/90124 LEADER 01153nam a2200265 i 4500 001 000000195439 003 CaOOAMICUS 005 20160613000000.0 008 160613s1987 it u000 u ita u 013 $a174112 020 $a88-200-0710-X 040 $aSeMil$bita 100 1 $aPansa, Giampaolo,$d<1935-2020>.$0(OLS)http://semarc/name/39865 245 13$aLo sfascio /$cGiampaolo Pansa. 246 04$iTitolo in copertina:$aLo sfascio : politici, politicanti, portaborse e malfattori 260 $aMilano :$bSperling & Kupfer,$c1987. 300 $aXXVI, 326 p. ;$c21 cm. 650 4$aCorruzione politica - Italia.$0(OLS)http://semarc/subject/23789 850 $aSeMil 852 $aSeMil$W1$xVenegono$y1$m3V I 36$j146008$B146008$CSeMilBibl$Z2$F211895 $81 961 $aOmaggio: Grampa dott. Cesare 996 $6020$a88-200-0710-X$9(OLS)http://semarc/number/187142 996 $6245$aLo sfascio$9(OLS)http://semarc/title/281987 996 $6246$aLo sfascio : politici, politicanti, portaborse e malfattori$9(OLS)http://semarc/title/281988 996 $6260$aMilano :$bSperling & Kupfer$9(OLS)http://semarc/publisher/31721